000
00286nam a22001337a 4500
008
170519b xxu||||| |||| 00| 0 eng d
020
_a
0252011481
041
_a
eng
080
_a
94
100
_a
16
101
_a
SHH
245
_a
CITIZEN AND SOCIALIST
_c
DEBS, E.V
942
_2
udc
_c
BK
999
_c
13572
_d
13572